000
00290nam a22001337a 4500
008
170207b xxu||||| |||| 00| 0 eng d
020
_a
0961717300
041
_a
eng
080
_a
61
100
_a
4
101
_a
SHM
245
_a
HANBOOK CHROMATOGRAPHY
_c
JOACHIM WEISS
942
_2
udc
_c
BK
999
_c
4815
_d
4815